Sports Quiz

Random Sports or NFL Quiz

All-Time Super Bowl Leaders (Career) Quiz Stats

 Plays Quiz not verified by Sporcle

Challenge
Share
Tweet
Embed
Score 0/261 Timer 20:00
0 Plays Today
Category Player % Correct
Pass AttemptsTom Brady
98.2%
Completed PassesTom Brady
98.2%
Pass YardsTom Brady
98.2%
Passing TDsTom Brady
98.2%
Passes InterceptedTom Brady
98.2%
Completion %Tom Brady
96.5%
Completion %Peyton Manning
96.5%
Passer RatingJoe Montana
95.9%
Pass AttemptsJoe Montana
95.9%
Completed PassesJoe Montana
95.9%
Completion %Joe Montana
95.9%
Pass YardsJoe Montana
95.9%
Pass Yards/AttemptJoe Montana
95.9%
Passing TDsJoe Montana
95.9%
Rushing TDsJoe Montana
95.9%
Passer RatingEli Manning
94.7%
Pass AttemptsPeyton Manning
94.7%
Completed PassesPeyton Manning
94.7%
Completed PassesEli Manning
94.7%
Completion %Eli Manning
94.7%
Pass YardsPeyton Manning
94.7%
Pass Yards/AttemptEli Manning
94.7%
Passes InterceptedPeyton Manning
94.7%
Passing TDsSteve Young
91.8%
Rushing AttemptsEmmitt Smith
90.1%
Rushing YardsEmmitt Smith
90.1%
Rushing TDsEmmitt Smith
90.1%
Yards From ScrimmageEmmitt Smith
90.1%
Rushing AttemptsAntowain Smith
89.5%
Rushing YardsTimmy Smith
89.5%
Rushing YardsAntowain Smith
89.5%
Rush Yards/AttemptTimmy Smith
89.5%
Rushing TDsTimmy Smith
89.5%
InterceptionsDwight Smith
89.5%
Interception Return YardsDwight Smith
89.5%
Interception Return YardsMalcolm Smith
89.5%
TacklesMalcolm Smith
89.5%
ReceptionsJerry Rice
87.7%
Receiving YardsJerry Rice
87.7%
Receiving TDsJerry Rice
87.7%
Yards From ScrimmageJerry Rice
87.7%
Pass AttemptsJohn Elway
87.1%
Completed PassesJohn Elway
87.1%
Pass YardsJohn Elway
87.1%
Passes InterceptedJohn Elway
87.1%
Rushing TDsJohn Elway
87.1%
Passer RatingTroy Aikman
86.5%
Completed PassesTroy Aikman
86.5%
Completion %Troy Aikman
86.5%
Pass YardsTroy Aikman
86.5%
Pass Yards/AttemptTroy Aikman
86.5%
Passing TDsTroy Aikman
86.5%
Passer RatingTerry Bradshaw
86%
Pass AttemptsTerry Bradshaw
86%
Completed PassesTerry Bradshaw
86%
Pass YardsTerry Bradshaw
86%
Pass Yards/AttemptTerry Bradshaw
86%
Passing TDsTerry Bradshaw
86%
Passes InterceptedTerry Bradshaw
86%
Pass AttemptsJim Kelly
84.2%
Completed PassesJim Kelly
84.2%
Pass YardsJim Kelly
84.2%
Passes InterceptedJim Kelly
84.2%
Passer RatingBart Starr
83%
Pass Yards/AttemptBart Starr
83%
Passer RatingKurt Warner
81.3%
Pass AttemptsKurt Warner
81.3%
Completed PassesKurt Warner
81.3%
Completion %Kurt Warner
81.3%
Pass YardsKurt Warner
81.3%
Pass Yards/AttemptKurt Warner
81.3%
Passing TDsKurt Warner
81.3%
Rushing AttemptsFranco Harris
78.9%
Rushing YardsFranco Harris
78.9%
Rushing TDsFranco Harris
78.9%
Yards From ScrimmageFranco Harris
78.9%
Pass AttemptsBen Roethlisberger
78.4%
Pass YardsBen Roethlisberger
78.4%
Passes InterceptedBen Roethlisberger
78.4%
Passer RatingBrett Favre
77.8%
Passing TDsBrett Favre
77.8%
Rushing AttemptsTerrell Davis
76.6%
Rushing YardsTerrell Davis
76.6%
Rush Yards/AttemptKenneth Davis
76.6%
Rushing TDsTerrell Davis
76.6%
Yards From ScrimmageTerrell Davis
76.6%
SacksWillie Davis
76.6%
Category Player % Correct
Completed PassesBen Roethlisberger
76%
Passer RatingRussell Wilson
75.4%
Passer RatingRoger Staubach
75.4%
Pass AttemptsRoger Staubach
75.4%
Completed PassesRoger Staubach
75.4%
Completion %Russell Wilson
75.4%
Pass YardsRoger Staubach
75.4%
Pass Yards/AttemptRussell Wilson
75.4%
Pass Yards/AttemptRoger Staubach
75.4%
Passing TDsRoger Staubach
75.4%
Passing TDsRussell Wilson
75.4%
Passes InterceptedRoger Staubach
75.4%
Rushing AttemptsThurman Thomas
74.9%
Rushing YardsThurman Thomas
74.9%
Rushing TDsThurman Thomas
74.9%
ReceptionsThurman Thomas
74.9%
Yards From ScrimmageThurman Thomas
74.9%
TacklesEarl Thomas
74.9%
ReceptionsTroy Brown
72.5%
InterceptionsLarry Brown
72.5%
Interception Return YardsLarry Brown
72.5%
Interception Return YardsWillie Brown
72.5%
Rushing TDsJames White
71.4%
Passing TDsDoug Williams
70.8%
Rushing YardsMarcus Allen
68.4%
Rush Yards/AttemptMarcus Allen
68.4%
Rushing TDsMarcus Allen
68.4%
Pass AttemptsFran Tarkenton
67.8%
Passes InterceptedFran Tarkenton
67.8%
ReceptionsLynn Swann
67.8%
Receiving YardsLynn Swann
67.8%
Yards/ReceptionLynn Swann
67.8%
Receiving TDsLynn Swann
67.8%
Yards From ScrimmageLynn Swann
67.8%
ReceptionsMichael Irvin
67.3%
Receiving YardsMichael Irvin
67.3%
Receiving TDsMichael Irvin
67.3%
Receiving TDsButch Johnson
67.3%
SacksDwight White
67.3%
SacksReggie White
66.7%
ReceptionsAndre Reed
66.1%
Receiving YardsAndre Reed
66.1%
Yards From ScrimmageAndre Reed
66.1%
Rushing AttemptsJohn Riggins
64.9%
Rushing YardsJohn Riggins
64.9%
Rushing TDsJohn Riggins
64.9%
Receiving TDsJohn Taylor
64.3%
TacklesIke Taylor
64.3%
Passer RatingJim Plunkett
59.6%
Completion %Jim Plunkett
59.6%
Pass Yards/AttemptJim Plunkett
59.6%
Passing TDsJim Plunkett
59.6%
InterceptionsDexter Jackson
59.6%
Interception Return YardsJames Harrison
59.6%
InterceptionsRodney Harrison
59.1%
Rushing AttemptsLarry Csonka
58.5%
Rushing YardsLarry Csonka
58.5%
Rush Yards/AttemptLarry Csonka
58.5%
Rushing TDsLarry Csonka
58.5%
ReceptionsDeion Branch
58.5%
Receiving YardsDeion Branch
58.5%
Yards From ScrimmageDeion Branch
58.5%
Yards From ScrimmageLarry Csonka
58.5%
Receiving TDsCliff Branch
57.3%
Completion %Len Dawson
56.1%
Pass Yards/AttemptLen Dawson
56.1%
Passes InterceptedRich Gannon
56.1%
Rushing TDsOttis Anderson
56.1%
Receiving YardsJohn Stallworth
56.1%
Yards/ReceptionJohn Stallworth
56.1%
Receiving TDsJohn Stallworth
56.1%
Completion %Bob Griese
55.6%
Rushing AttemptsRoger Craig
55.6%
Rushing YardsRoger Craig
55.6%
Rushing TDsRoger Craig
55.6%
ReceptionsRoger Craig
55.6%
Receiving TDsRoger Craig
55.6%
Yards From ScrimmageRoger Craig
55.6%
Receiving YardsRicky Sanders
54.4%
Yards/ReceptionRicky Sanders
54.4%
Receiving TDsRick Sanders
54.4%
ReceptionsWes Welker
53.2%
Receiving YardsWes Welker
53.2%
Passes InterceptedJoe Theismann
50.3%
Yards/ReceptionIsaac Bruce
49.1%
Receiving YardsHines Ward
48%
Receiving TDsHines Ward
48%
Category Player % Correct
Receiving TDsGary Clark
46.8%
TacklesRyan Clark
46.8%
Rushing AttemptsMarshawn Lynch
46.2%
Rushing TDsMarshawn Lynch
46.2%
Passes InterceptedDrew Bledsoe
45.6%
Rush Yards/AttemptTony Dorsett
44.4%
Receiving TDsBill Miller
43.3%
Passes InterceptedKerry Collins
41.5%
TacklesMalik Jackson
40.4%
InterceptionsRod Martin
39.2%
Rushing TDsJim McMahon
38.6%
Passes InterceptedCraig Morton
38%
Rush Yards/AttemptWillie Parker
38%
TacklesJalen Collins
37.4%
Yards/ReceptionArt Monk
36.3%
Receiving TDsRicky Watters
36.3%
SacksCharles Haley
33.9%
InterceptionsMel Blount
33.3%
Receiving YardsAntonio Freeman
30.4%
Yards/ReceptionAntonio Freeman
30.4%
Receiving TDsAntonio Freeman
30.4%
Receiving TDsLarry Fitzgerald
30.4%
Passes InterceptedEarl Morrall
28.1%
Rush Yards/AttemptShaun Alexander
25.1%
Receiving TDsDoug Baldwin
25.1%
Rush Yards/AttemptJoseph Addai
24.6%
ReceptionsJay Novacek
24.6%
ReceptionsJoseph Addai
24.6%
Receiving TDsJay Novacek
24.6%
Receiving TDsMike Vrabel
21.6%
SacksTedy Bruschi
21.6%
Yards/ReceptionMax McGee
19.9%
Receiving TDsMax McGee
19.9%
Receiving TDsGreg Jennings
19.9%
SacksLaMarr Woodley
18.7%
Receiving TDsDanny Amendola
18.7%
SacksL.C. Greenwood
18.1%
Rushing AttemptsRocky Bleier
17.5%
Rushing TDsEddie George
17.5%
Yards/ReceptionJames Lofton
17.5%
SacksWillie McGinest
17%
Receiving TDsDavid Givens
16.4%
InterceptionsJake Scott
16.4%
Interception Return YardsJake Scott
16.4%
InterceptionsMike Wagner
15.8%
TacklesBobby Wagner
15.8%
Receiving TDsMushin Muhammad
14.6%
Rushing TDsTom Rathman
14%
Interception Return YardsTracy Porter
14%
Rushing TDsGerald Riggs
13.5%
Rushing TDsJim Kiick
13.5%
Receiving TDsDon Beebe
13.5%
TacklesKam Chancellor
12.9%
InterceptionsChuck Howley
12.3%
InterceptionsBrad Edwards
12.3%
InterceptionsJames Washington
12.3%
Interception Return YardsChuck Howley
12.3%
Receiving TDsDan Ross
11.1%
SacksJeff Wright
11.1%
InterceptionsEric Wright
11.1%
TacklesK.J. Wright
11.1%
SacksJustin Tuck
10.5%
Rush Yards/AttemptDominic Rhodes
9.9%
Rushing TDsHoward Griffith
9.9%
Yards/ReceptionRicky Proehl
9.4%
Receiving TDsRicky Proehl
9.4%
TacklesLuke Kuechly
9.4%
TacklesPartrick Willis
9.4%
Receiving TDsKeenan McCardell
8.8%
Interception Return YardsRobert Alford
7.7%
TacklesRobert Alford
7.7%
InterceptionsDarrien Gordon
7.6%
Interception Return YardsDarrien Gordon
7.6%
SacksGrady Jarrett
6.6%
Rushing TDsPete Banaszak
6.4%
InterceptionsThomas Everett
6.4%
Rush Yards/AttemptWalt Garrison
5.8%
Rushing TDsElijah Pitts
4.7%
SacksKony Ealy
4.4%
TacklesKeanu Neal
4.4%
Yards/ReceptionJoe Jurevicius
4.1%
InterceptionsBarry Wilburn
4.1%
Interception Return YardsKelly Herndon
3.5%
TacklesGary Brackett
3.5%
InterceptionsRandy Beverly
2.9%
TacklesDanny Trevathan
2.9%
TacklesCharlie Peprah
2.9%

You're not logged in!

Compare scores with friends on all Sporcle quizzes.
Join for Free
OR
Log In

You Might Also Like...

Show Comments

Extras

Top Quizzes Today


Score Distribution

Your Account Isn't Verified!

In order to create a playlist on Sporcle, you need to verify the email address you used during registration. Go to your Sporcle Settings to finish the process.

Report this User

Report this user for behavior that violates our Community Guidelines.

Details: